000 00358nam a2200133 i 4500
001 bg
245 0 _aRecent Advances in Matrix Methodes of structural Analysis and Design.
260 _aHuntsville :
_bThe University of Alabama Press,
_c1971.
040 _cBPK
041 _apol
080 _a624
942 _cKS
008 s pl f |000 0 pol
999 _c16360
_d16360
856 _uhttp://koha.tu.koszalin.pl/cgi-bin/koha/opac-detail.pl?biblionumber=16360
_yKatalog online BPK